000 00670cam a2200217 i 4500
001 25389
003 Mx-PuUPA
005 20250918124101.0
008 140415s2008 mx gr 000 0 spa d
020 _a9685863245
040 _cMx-PuUPA
041 0 _aspa
082 0 4 _axx
_bxx
_223
100 1 _aDieterich, Heinz
_eautor
245 _aLas guerras del capital de Sarajevo a Irán /
_cHeinz Dieterich
250 _aSegunda edición /
_baumentada
264 1 _aMéxico, D.F. :
_bJorale Editores,
_c2008
300 _a238 páginas ;
_c23 cm
942 _2ddc
_cLI
_hxx
_ixx
999 _c25389
_d25389